Welcome to CU Library Online Public Access Catalogue (OPAC)

Elementary Algebra/ (Record no. 1198)

MARC details
000 -LEADER
fixed length control field 00680nam a22002177a 4500
003 - CONTROL NUMBER IDENTIFIER
control field OSt
005 - DATE AND TIME OF LATEST TRANSACTION
control field 20241114140314.0
008 - FIXED-LENGTH DATA ELEMENTS--GENERAL INFORMATION
fixed length control field 241114b |||||||| |||| 00| 0 eng d
020 ## - INTERNATIONAL STANDARD BOOK NUMBER
International Standard Book Number 9780618753536
040 ## -
-- .
050 ## - LIBRARY OF CONGRESS CALL NUMBER
Classification number QA152.3
Item number .L373
100 ## - MAIN ENTRY--PERSONAL NAME
Personal name Larson, Ron
245 ## - TITLE STATEMENT
Title Elementary Algebra/
Statement of responsibility, etc. Ron Larson, Robert Hostetler; assisted by Patrick M. Kelly
Remainder of title instructor's annotated edition
250 ## - EDITION STATEMENT
Edition statement 4th Ed.
Remainder of edition statement student support edition
260 ## - PUBLICATION, DISTRIBUTION, ETC.
Place of publication, distribution, etc. Boston
Name of publisher, distributor, etc. Houghton Mifflin Company
Date of publication, distribution, etc. 2008
300 ## - PHYSICAL DESCRIPTION
Extent viii. various pagings
Other physical details ill. some color
Dimensions 26cm
650 ## - SUBJECT ADDED ENTRY--TOPICAL TERM
Source of heading or term Algebra
700 ## - ADDED ENTRY--PERSONAL NAME
Personal name Hostetler, Robert
700 ## - ADDED ENTRY--PERSONAL NAME
Personal name Kelly, Patrick M.
942 ## - ADDED ENTRY ELEMENTS (KOHA)
Source of classification or shelving scheme Library of Congress Classification
Koha item type Books
Edition 4th Ed.
Suppress in OPAC No
999 ## -
-- 1198
-- 1198
Holdings
Withdrawn status Lost status Source of classification or shelving scheme Damaged status Not for loan Collection Home library Current library Shelving location Date acquired Total checkouts Full call number Barcode Date last seen Copy number Price effective from Koha item type
    Library of Congress Classification     Non-fiction Science Library (Miotso) Science Library (Miotso) General stacks 11/14/2024   QA152.3 .L373 LAR SLM00000592 11/14/2024 1 11/14/2024 Books
© 2023-2024 Copyright: Central University Libraries. All Rights Reserved | Created by: Mahone Tech Office